Monitoring and evaluating agricultural research: A source book (Record no. 40529)

MARC details
000 -LEADER
fixed length control field 00418nam a2200145Ia 4500
082 ## - DEWEY DECIMAL CLASSIFICATION NUMBER
Classification number 631:001.891
Item number HOR
245 #0 - TITLE STATEMENT
Title Monitoring and evaluating agricultural research: A source book
260 ## - PUBLICATION, DISTRIBUTION, ETC. (IMPRINT)
Place of publication UK
Name of publisher CAB
Year of publication 1993
650 ## - SUBJECT ADDED ENTRY--TOPICAL TERM
Topical Term Human resources planning
650 ## - SUBJECT ADDED ENTRY--TOPICAL TERM
Topical Term Management information system
650 ## - SUBJECT ADDED ENTRY--TOPICAL TERM
Topical Term Training evaluation
700 ## - ADDED ENTRY--PERSONAL NAME
Personal name Horton, D
942 ## - ADDED ENTRY ELEMENTS (KOHA)
Koha item type Books
Holdings
Withdrawn status Lost status Damaged status Not for loan Home library Current library Date acquired Cost, normal purchase price Full call number Accession Number Koha item type
        RRII Library RRII Library 16/12/2021 17.00 631:001.891 HOR 20828 Books